000 00832nam a22002175i 4500
001 168761
003 ES-MaACL
005 20230906213901.0
008 080603s1985 sp |||| | spa d
020 _a84-505-2584-5
080 _a75 Cucchi, Enzo(064.3)
100 1 _aCucchi, Enzo.
_9224743
245 1 0 _aEnzo Cucchi
_b: sala de exposiciones de la Fundación Caja de Pensiones, 12 de diciembre 1985-2 de febrero 1986 /
_cEnzo Cucchi ; [exposición organizada por la Fundación Caja de Pensiones].
260 _aMadrid :
_bFundación Caja de Pensiones,
_c1985.
300 _a126 p. (algunas plegadas) :
_bprincipalmente il. ;
_c33 cm.
504 _aBibliografía.
600 1 4 _aCucchi, Enzo.
_9224743
710 2 _aFundació "la Caixa"
_9173255
852 4 _aES-MaACL
_jL-29445
_9R.143268
999 _c168761
_d168761